Responses for Show #3483 - Wednesday, October 27, 1999

Contestants

[<< previous game]

Bill Tomber, a truck driver from St. Louis, Missouri

Janet Leach, a production control specialist from Greenland, New Hampshire

Kathy Trice, a media buyer from Columbia, South Carolina

[next game >>]

Jeopardy! Round responses

GREEK ART
SMALL SCREEN FAMILIES
(Alex: We'll give you the family, you name the show.)
REMEMBERING THE '90s
COLLEGE FOLK
WATER
ANIMAL GROUPS
    $100 26
Swastika

Kathy
    $100 1
The Beverly Hillbillies

Bill
    $100 2
Kuwait

Janet
    $100 17
Brown University

Janet
    $100 7
H2O

Kathy
    $100 12
Schools

Janet
    $200 27
"The Discus Thrower"

Bill
    $200 22
Family Ties

Bill
    $200 3
Breast implants

Janet
    $200 18
Emerson

Janet
    $200 8
Hard water

Janet
    $200 13
Pride

Janet
    $300 28
Bronze

Janet
    $300 23
Dynasty

Janet
    $300 4
Ford Explorer

Bill
    $300 19
Andrew Carnegie

Kathy
    $300 9
Aqueduct

Janet
    $300 14
(K: What is a season?)

Spring

Kathy
Triple Stumper
    $400 29
Labors of Hercules

Bill
    $400 24
The Andy Griffith Show & Home Improvement

Bill
    $400 5
"The Unabomber"

Bill
    $500 20
(K: No response.)

Oral Roberts

Kathy
    $400 10
(K: What is lunar radiation?)

Fog

Kathy
Triple Stumper
    $400 15
Goats

Janet
    $500 30
Lord Elgin

Kathy
    $500 25
(with a minute to go...)

Lost in Space

Janet
    $500 6
Extreme Games

Janet
    $500 21
Jimmy Carter

Bill
    $500 11
(B: What is brine?)

Brackish

JanetBill
    $500 16
Murder

Bill

Scores at the first commercial break (after clue 15):

Kathy Janet Bill
-$600 $2,500 $300

Scores at the end of the Jeopardy! Round:

Kathy Janet Bill
-$200 $3,900 $2,500

Double Jeopardy! Round responses

U.S. HISTORIC SITES
SOUNDTRACKS BY SONGS
MEN OF LETTERS
(Alex: We want you to identify authors known by their initials, primarily.)
POTENT POTABLES
ON THE ROCKS
DON'T MIND "F" I DO
(Alex: Now each response will contain the spoken letter "F"; for instance, "RAF", not "Royal Air Force" - we would not accept "Royal Air Force"; as long as you understand that.)
    $200 26
Gateway Arch

Janet
    $200 11
Pocahontas

Bill
    $200 1
E.B. White

Janet
    $200 6
Bailey's Irish Cream

Kathy
    $200 16
Diamond

Bill
    $200 21
4-F

Kathy
    $400 27
U.S.S. Arizona

Bill
    $400 12
Help!

Janet
    $400 2
A.E. Housman

Kathy
    $400 7
Tabasco & Worcestershire

Janet
    $400 17
Turquoise

Janet
    $400 22
F. Murray Abraham

Bill
    $600 28
Ford's Theatre

Janet
    $600 13
The Bodyguard

Janet
    $600 3
E.L. Doctorow

Triple Stumper
    $600 8
Grand Marnier

Janet
    $600 18
(B: What is coalbase?)

Anthracite

JanetBill
    $600 23
CFCs

Bill
    $800 29
Laura Ingalls Wilder

Janet
    $800 14
The Big Chill

Janet
    $800 4
E.M. Forster

Janet
    $800 9
(B: What is a White Russian?)
(Alex: I do believe you add cream to get that.)

Black Russian

Bill
Triple Stumper
    $800 19
Lapis lazuli

Janet
    $800 24
F. Scott Fitzgerald

Kathy
    $1000 30
(J: Who is LaGuardia?)

DeWitt Clinton

Janet
Triple Stumper
    $1000 15
Cocktail

Kathy
    $1000 5
V.S. Naipaul

Kathy
    $1,500 10
Mai Tai

Janet
    $1000 20
Basalt

Triple Stumper
    $1000 25
F.W. de Klerk

Bill

Scores at the end of the Double Jeopardy! Round:

Kathy Janet Bill
$3,400 $11,600 $3,900
(lock game)

[wagering suggestions for these scores]

Final Jeopardy! Round responses

HOCKEY TEAMS
(Alex: Hey, hockey teams for this lady?)
KathyWhat are the Minnesota Lakers
$3,000
BillWhat are the Hartford Whalers?
$3,892
JanetWho are the Edmonton Oilers?
$3,400
Edmonton Oilers

Final scores:

Kathy Janet Bill
$400 $15,000 $8
2nd place: a Sony home entertainment system featuring WebTV New champion: $15,000 3rd place: Pinseeker golf clubs

Game dynamics:

Coryat scores:

Kathy Janet Bill
$3,900 $11,100 $3,900
10 R,
3 W
(including 1 DD)
28 R
(including 2 DDs),
1 W
15 R,
3 W

Combined Coryat: $18,900

[game clues] [game scores] [suggest correction]

Game tape date: 1999-08-04
The J! Archive is created by fans, for fans. Scraping, republication, monetization, and malicious use prohibited; this site may use cookies and collect identifying information. See terms. The Jeopardy! game show and all elements thereof, including but not limited to copyright and trademark thereto, are the property of Jeopardy Productions, Inc. and are protected under law. This website is not affiliated with, sponsored by, or operated by Jeopardy Productions, Inc. Join the discussion at JBoard.tv.